Equivalence of the Production and Consumption Methods of Calculating the Value-Added Tax Base Application in Zambia

Uložené v:
Podrobná bibliografia
Hlavný autor: Pellechio, Anthony J.
Ďalší autori: Hill, Catharine B.
Médium: Kniha
Jazyk:English
Vydavateľské údaje: Washington International Monetary Fund 1996
Vydanie:1. ed.
Edícia:IMF Working Paper 67
Predmet:
Tagy: Pridať tag
Žiadne tagy, Buďte prvý, kto otaguje tento záznam!

MARC

LEADER 00000nam a2200000 4500
001 c017444
005 20221205125139.7
041 0 |a eng 
044 |a US 
245 1 0 |a Equivalence of the Production and Consumption Methods of Calculating the Value-Added Tax Base  |b Application in Zambia  |c Anthony J. Pellechio, Catharine B. Hill 
250 |a 1. ed. 
264 1 |a Washington  |b International Monetary Fund  |c 1996 
300 |a 18 s. 
490 1 |a IMF Working Paper  |v 67 
830 0 |a IMF Working Paper  |v 67 
610 2 0 |a dane z hodnoty pridanej 
610 2 0 |a metódy kalkulačné 
610 2 0 |a dane spotrebné 
610 2 0 |a výroba 
610 2 0 |a výnosy z činnosti obchodnej 
610 2 0 |a produkt domáci hrubý 
610 2 0 |a Zambia 
100 1 |a Pellechio, Anthony J. 
700 1 |a Hill, Catharine B.